KATSEYE - PINKY UP lyrics - Statistics

General Stats
  • This quiz has been taken 69 times
  • The average score is 177 of 262
Answer Stats
Answer % Correct
/ Pin-
98%
/ pin-
98%
/ Pinky
96%
/ pinky
96%
/ up
96%
/ Up
96%
/ I-
93%
/ I
93%
/ the
91%
/ The
91%
/ a
89%
/ A
89%
/ it
89%
/ Go
87%
/ like
87%
/ world
82%
/ goes
80%
/ this
80%
/ One
78%
/ one
78%
/ we
73%
/ We
73%
/ bet
71%
/ ass
69%
/ in
64%
/ love
64%
/ day
62%
/ if
62%
/ If
62%
/ shakin
62%
/ us
62%
/ Us
62%
/ my
60%
/ against
58%
/ make
58%
/ No
58%
/ out
58%
/ you
58%
/ haha
56%
/ lot
56%
/ new
56%
/ parking
56%
/ wanna
56%
/ with
56%
/ end
53%
/ me
53%
/ of
53%
/ And
51%
/ friends
51%
/ live
51%
/ screamin
51%
/ soon
51%
/ they
51%
/ were
51%
/ worlds
51%
/ arrested
49%
/ batshit
49%
/ cloud
49%
/ get
49%
/ kill
49%
/ Lisa
49%
/ that
49%
/ baby
47%
/ deep
47%
/ for
47%
/ from
47%
/ hard
47%
/ laugh
47%
/ Louvre
47%
/ Mona
47%
/ nine
47%
/ robbin
47%
/ all
44%
/ attitude
44%
/ before
44%
/ bestest
44%
/ but
44%
/ mind
44%
/ Oui
44%
/ state
44%
/ touch
44%
/ tried
44%
/ burns
42%
/ cute
42%
/ down
42%
/ Im
42%
/ is
42%
/ its
42%
/ off
42%
/ right
42%
/ got
40%
/ Ooh
40%
/ ooh
40%
/ ground
38%
/ Put
38%
/ high
36%
/ Fancy
33%
/ frequency
33%
/ know
33%
/ nothing
33%
/ could
31%
/ em
31%
/ Socrates
31%
/ delusion
29%
/ Id
29%
/ just
27%
/ large
27%
/ only
27%
/ philosophy
22%
/ true
22%
/ two
22%
/ kinda
20%
/ knowing
20%
/ three
20%
/ wisdom
16%
/ four
13%
/ gunna
7%
No matching quizzes found
Score Distribution
Percent of People with Each Score
Percentile by Number Answered
Your Score History
You have not taken this quiz